1374 1293 1842 1749 1044 1216 1279 1709 1889 1575 1589 1638 1344 1087 1537 1473 1787 1682 1062 1377 1175 1102 1998 1751 1846 1547 1588 1580 1951 1058 1982 1399 1298 1396 1512 1467 1365 1142 1380 1250 1219 1661 1982 1740 1908 1419 1331 1657 1900 1990 1826 1100 1025 1555 1136 1632 1602 1163 1533 1516 1703 1330 1754 1662 1039 1065 1108 1056 1408 1540 1416 1901 1464 1602 1968 1438 1052 1704 1755 1459 1017 1660 1690 1259 1327 1642 1971 1761 1607 1431 1479 1244 1636 1336 1313 1185 1319 1456 1561 BCNSPRNW ULIB Ver.6.0+V

เปลี่ยนเป็นภาษาไทย

Change to English
 แสดงรายละเอียดบรรณานุกรม
  กลับหน้าหลัก

Brief Record : Get Marc (ISO 2709) : E-mail record : QR code < ปิดหน้าต่าง
LEADER : 00000nam 2200000uu 4500
001    13399127717
003     ULIB
008    210422s2563||||th 000 0 tha d
020    ^a9786160039555
050  0 ^aนว^bอ443ค
100 0  ^aAsslyasfox
245 10 ^aThe Weapons Club คลับลับของลีอา /^cAsslyasfox
250    ^aพิมพ์ครั้งที่ 1
260    ^aกรุงเทพฯ :^bSugar Beat,^c2563
300    ^a415 หน้า ;^c21 ซม.
490 1  ^aนวนิยาย ;^vลำดับที่ 431
650  0 ^aThai fiction
650  4 ^aนวนิยายไทย
700 0  ^aAsslyasfox
830  0 ^aนวนิยาย ;^vลำดับที่ 431
945    ^p290^l0^i28876
999    ^aกัณชพร จุลอักษร
รายการนี้ยังไม่มีแท็ก
คุณยังไม่ได้ล็อกอิน คุณสามารถมีกิจกรรมร่วมกับเว็บไซต์ได้ แต่ต้องล็อกอินก่อน ::
  ล็อกอิน

รายการสื่อสารสนเทศ

ลำดับที่ ประเภท เลขเรียก/บาร์โค้ด สถานที่ สถานะ
1. วิทยาศาสตร์การแพทย์ และสุขภาพ
วิทยาศาสตร์การแพทย์ และสุขภาพ
นว อ443ค ฉ.1 
  Barcode: 28876
ห้องสมุดวิทยาเขตนครสวรรค์
►นวนิยาย:l:Fiction
บนชั้น

รายการใกล้เคียง
    ผู้แต่ง [Asslyasfox]

    หัวเรื่อง [Thai fiction]
    หัวเรื่อง [นวนิยายไทย]

BibComment


ยังไม่เคยถูกคอมเมนท์

คอมเมนท์ทรัพยากรรายการนี้
  คอมเมนท์: The Weapons Club..


 Copyright 2026. Bcnsprnw @Library